Closing distance : a novel /

সংরক্ষণ করুন:
গ্রন্থ-পঞ্জীর বিবরন
প্রধান লেখক: Oliver, Jim (লেখক)
বিন্যাস: গ্রন্থ
ভাষা:ইংরেজি
প্রকাশিত: Los Angeles : Alyson Books, 1997
ট্যাগগুলো: ট্যাগ যুক্ত করুন
কোনো ট্যাগ নেই, প্রথমজন হিসাবে ট্যাগ করুন!

MARC

LEADER 00000nam a22000007i 4500
001 IT\ICCU\UBO\2261011
003 ItRI
005 20260115231832.0
008 030730s1997 xxu|||||| ||||| |||||c
020 |a 1555833764 
040 |b ita  |c importazione bologna sebina 
041 7 |a eng  |2 ISO-639-2 
100 1 |a Oliver, Jim  |0 IT\ICCU\UBOV\817862  |4 aut 
245 1 0 |a Closing distance :  |b a novel /  |c By Jim Oliver. 
260 |a Los Angeles :  |b Alyson Books,  |c 1997 
300 |a 288 p. ;  |c 22 cm. 
942 |2 ddc  |c BK  |n 0 
952 |0 0  |1 0  |4 0  |6 DOC_813_540000000000000_OLI  |7 0  |9 13843  |a BO  |b BO  |d 2026-01-15  |i 7620  |l 0  |o DOC 813.54 OLI  |p BO7620  |r 2026-01-15 23:18:32  |w 2026-01-15  |x [Sebina 5] [1 v.]  |y BK  |z 1 v. 
999 |c 11915  |d 11915